| 000 | 00596nam a22001817a 4500 | ||
|---|---|---|---|
| 008 | 171110b xxu||||| |||| 00| 0 eng d | ||
| 020 | _a971-11-1002-4 | ||
| 082 |
_21999 _aDFil 545 _bM36q |
||
| 100 |
_923188 _aMartin, Matt L. |
||
| 245 |
_aQuantitative techniques & computer applications: _bfor business and engineering/ _cMatt L. Martin |
||
| 250 | _aFirst Edition | ||
| 260 |
_aQuezon City: _bJMC Press, Inc., _c1999. |
||
| 300 |
_ax, 253 pages: _billustrations; _c28 cm. |
||
| 500 | _aIncludes glossary. | ||
| 650 | 0 |
_923189 _aQuantitative analysis |
|
| 365 |
_b265.00 _cPhp |
||
| 942 |
_2ddc _cDFIL |
||
| 999 |
_c7711 _d7711 |
||